000 01523nam2a2200325 4500
001 RU\NLR\BIBL_A\011320859
005 20250806210245.0
035 _a(NLR Aleph) 011320859
090 _a59440
_c59440
100 _a20250806 rusy50
101 0 _arus
102 _aRU
135 _acrgn 008anaba
200 0 _a1943, ненум. вып. (20 мая)
210 _d1943
215 _a2 с. : ил
325 1 _aКопия доступна в электронной библиотеке РНБ
461 0 _1001RU\NLR\BIBL_A\010704071
_12001#$aЗа урожай$eоднодневная газета Петроградского РК ВКП (б) и исполкома депутатов трудящихся Петроградского района$v1943, ненум. вып. (20 мая)
852 _aNLR
_jОдн1943/10
856 0 _uhttp://vivaldi.nlr.ru/pn000150857/view
856 1 _uhttp://vivaldi.nlr.ru/pn000150857/cover
856 2 _uhttp://vivaldi.nlr.ru/pn000150857/text
901 _eГазеты
942 _cISSNP
945 _aРоссийская национальная библиотека
980 _aNB
980 _aBV
981 3 7 _a(37) Ленинград в Великой Отечественной войне
_b(37) Газеты блокадного Ленинграда
981 2 7 _a(27) Периодические издания
_b(27) Газеты